000 00851nam a2200241Ia 4500
003 OSt
005 20220930071521.0
006 a|||||r|||| 00| 0
007 ta
008 220926b |||||||| |||| 00| 0 hin d
024 _a14004
037 _cTheses
040 _aCRL
_cCRL
_bhin
041 _2hin
_ahin
100 _aYjuervedi nee Pathak Sarita
_9528560
110 _aUniversity of Delhi. Faculty of Music and Fine Arts. Department of Music
_9520437
245 0 _aSangeet avam nratya ke sandarbh mein madhya himalaya ki sanskritik prampara ka avlokan - Ek adhyayan (Supervisor
_b Prof. Dr. Vinay Kumar Aggarwal)
260 _c1997
650 _aMUSIC
_917402
700 _aUniversity of Delhi. Faculty of Music and Fine Arts. Department of Music
_9520438
942 _cDIS
_2CC
999 _c862436
_d862436